000 00972nam a2200253 i 4500
005 20160116060625.0
008 981006s1997 ec a b 000 0 spa
020 _a997840340X
040 _aDLC
_cDLC
_dCO-BoIAVH
041 0 _aspa
043 _as-ec---
082 0 4 _a595.789
_bM69m
100 1 _aMoreno Espinosa, Miguel
245 1 0 _aMariposas del Ecuador /
_cMiguel Moreno Espinosa, Xavier Silva del Pozo, Germania Estévez J´scome ; Ines y Paul Marggraff, fotografía ; coordinación, Filoteo Samaniego.
260 _aQuito :
_bOccidental Exploration and Production Co.,
_c1997.
300 _a167 p. :
_bcol. ill. ;
_c30 cm.
546 _aSpanish and English.
650 1 4 _aMariposas
_xClasificación
_zEcuador.
650 2 4 _aMariposas
_xObras ilustradas
_zEcuador
650 2 4 _aLepidócteros
_zEcuador
700 1 _aSilva del Pozo, Xavier,
_eautor.
700 1 _aEstévez Jácome, Germania.
_eautor.
942 _2ddc
_cLIBRO
999 _c1192
_d1192